000
00279nam a2200109Ia 4500
008
200302s9999 xx 000 0 und d
100
_a
Dean A. Fales, Jr
245
_a
The Furniture of Historic Deerfield
260
_b
E. P. Dutton and Co., Inc.,
260
_c
1976
300
_a
294 P.,
999
_c
406
_d
406